[Event "IECG CP.2007.P.00076 email"]
[Site "IECG email"]
[Date "2007.10.01"]
[Round "?"]
[White "Rizzo, Giovambattista"]
[Black "Courville, Juan"]
[Result "1-0"]
[WhiteElo "2006"]
[BlackElo "1200"]
[PlyCount "37"]
[EventDate "2007.10.01"]
[EventType "tourn (corr)"]
[EventRounds "6"]
[SourceTitle "Corr 2011"]
[Source "ChessBase"]
[SourceDate "2010.08.31"]
[SourceVersion "1"]
[SourceVersionDate "2010.08.31"]
[SourceQuality "1"]

1. d4 d5 2. c4 e6 3. Nc3 dxc4 4. e4 Nc6 5. Nf3 Nf6 6. Bxc4 a6 7. 0-0 Bd6 8. e5 Bxe5 9. dxe5 Qxd1 10. Rxd1 Ng4 11. Bf4 0-0 12. h3 Nh6 13. Bxh6 gxh6 14. Ne4 b5 15. Bd3 f5 16. exf6 Bb7 17. Nc5 Bc8 18. Be4 e5 19. Bxc6 1-0

[Event "IECG CA.2006.0.00173 email"]
[Site "IECG email"]
[Date "2006.06.21"]
[Round "?"]
[White "Rizzo, Giovambattista"]
[Black "Fernandez, German"]
[Result "1-0"]
[WhiteElo "1981"]
[BlackElo "2111"]
[PlyCount "39"]
[EventDate "2006.06.21"]
[EventType "tourn (corr)"]
[EventRounds "6"]
[SourceTitle "Corr 2008"]
[Source "ChessBase"]
[SourceDate "2008.06.24"]
[SourceVersion "1"]
[SourceVersionDate "2008.06.24"]
[SourceQuality "1"]

1. d4 Nf6 2. c4 g6 3. Nc3 d6 4. e4 Bg7 5. f3 0-0 6. Be3 Nbd7 7. Nh3 e5 8. d5 Nc5 9. Nf2 a5 10. g4 Nfd7 11. h4 a4 12. h5 g5 13. Qd2 h6 14. Nb5 Re8 15. Be2 Nb6 16. 0-0 Nbd7 17. Qc3 Nf6 18. b4 axb3 19. axb3 Bd7 20. Rxa8 1-0

[Event "IECG CB.2006.0.00159 email"]
[Site "IECG email"]
[Date "2006.05.22"]
[Round "?"]
[White "Ortiz, Eric"]
[Black "Rizzo, Giovambattista"]
[Result "1-0"]
[WhiteElo "1935"]
[BlackElo "1981"]
[PlyCount "49"]
[EventDate "2006.05.22"]
[EventType "tourn (corr)"]
[EventRounds "6"]
[SourceTitle "Corr 2008"]
[Source "ChessBase"]
[SourceDate "2008.06.24"]
[SourceVersion "1"]
[SourceVersionDate "2008.06.24"]
[SourceQuality "1"]

1. d4 Nf6 2. c4 Nc6 3. Nf3 e6 4. a3 d6 5. Nc3 g6 6. e4 Bg7 7. Be2 0-0 8. 0-0 Re8 9. d5 Nb8 10. Qc2 a6 11. Bf4 Nbd7 12. Rac1 h6 13. b4 a5 14. dxe6 Rxe6 15. Nd4 Re8 16. Rcd1 axb4 17. axb4 Ne5 18. c5 Bd7 19. Ndb5 dxc5 20. Bxe5 Rxe5 21. f4 Re7 22. e5 c6 23. exf6 Bxf6 24. Nd6 Bxc3 25. Bc4 1-0

[Event "IECG CB.2006.0.00159 email"]
[Site "IECG email"]
[Date "2006.05.22"]
[Round "?"]
[White "Rizzo, Giovambattista"]
[Black "Santos Etxepare, Agustin"]
[Result "1-0"]
[WhiteElo "1981"]
[BlackElo "1862"]
[PlyCount "23"]
[EventDate "2006.05.22"]
[EventType "tourn (corr)"]
[EventRounds "6"]
[SourceTitle "Corr 2024"]
[Source "ChessBase"]
[SourceDate "2023.10.19"]
[SourceVersion "1"]
[SourceVersionDate "2023.10.19"]
[SourceQuality "1"]

1. d4 Nf6 2. c4 e6 3. Nc3 Bb4 4. a3 Bxc3+ 5. bxc3 c5 6. e3 cxd4 7. cxd4 0-0 8. Bd3 d5 9. Ne2 Nc6 10. cxd5 Nxd5 11. 0-0 Nce7 12. e4 1-0

[Event "IECG CB.2006.0.00159 email"]
[Site "IECG email"]
[Date "2006.05.22"]
[Round "?"]
[White "Zhdanenia, Konstantin"]
[Black "Rizzo, Giovambattista"]
[Result "1/2-1/2"]
[WhiteElo "1881"]
[BlackElo "1981"]
[PlyCount "27"]
[EventDate "2006.05.22"]
[EventType "tourn (corr)"]
[EventRounds "6"]
[SourceTitle "Corr 2024"]
[Source "ChessBase"]
[SourceDate "2023.10.19"]
[SourceVersion "1"]
[SourceVersionDate "2023.10.19"]
[SourceQuality "1"]

1. e4 Nf6 2. e5 Nd5 3. c4 Nb6 4. d4 d6 5. f4 dxe5 6. fxe5 c5 7. d5 e6 8. Nc3 exd5 9. cxd5 c4 10. Nf3 Bb4 11. Bg5 Bxc3+ 12. bxc3 Qxd5 13. Qxd5 Nxd5 14. 0-0-0 1/2-1/2

[Event "IECG CB.2005.0.00145 email"]
[Site "IECG email"]
[Date "2005.10.09"]
[Round "?"]
[White "Eshuis, Hans"]
[Black "Rizzo, Giovambattista"]
[Result "1/2-1/2"]
[WhiteElo "1818"]
[BlackElo "1965"]
[PlyCount "58"]
[EventDate "2005.10.09"]
[EventType "tourn (corr)"]
[EventRounds "6"]
[SourceTitle "Corr 2008"]
[Source "ChessBase"]
[SourceDate "2008.06.24"]
[SourceVersion "1"]
[SourceVersionDate "2008.06.24"]
[SourceQuality "1"]

1. e4 c5 2. Nf3 e6 3. d4 cxd4 4. Nxd4 Nc6 5. Nc3 Qc7 6. Be2 a6 7. 0-0 Nf6 8. Be3 Bb4 9. Nxc6 bxc6 10. Qd3 d5 11. a3 Be7 12. f4 0-0 13. Rad1 Bb7 14. e5 Nd7 15. Bd2 c5 16. Nb1 Qb6 17. c4 Qxb2 18. Nc3 Qb6 19. Rb1 Qa7 20. Qh3 d4 21. Bd3 g6 22. Ne4 Bxe4 23. Bxe4 Rab8 24. Qf3 Rxb1 25. Rxb1 Rb8 26. Rxb8+ Nxb8 27. Ba5 Qd7 28. Qd3 Nc6 29. Bb6 Qb7 1/2-1/2

[Event "IECG CB.2005.0.00145 email"]
[Site "IECG email"]
[Date "2005.10.09"]
[Round "?"]
[White "Rizzo, Giovambattista"]
[Black "Butko, Alexis"]
[Result "1-0"]
[WhiteElo "1965"]
[BlackElo "1830"]
[PlyCount "27"]
[EventDate "2005.10.09"]
[EventType "tourn (corr)"]
[EventRounds "6"]
[SourceTitle "Corr 2024"]
[Source "ChessBase"]
[SourceDate "2023.10.19"]
[SourceVersion "1"]
[SourceVersionDate "2023.10.19"]
[SourceQuality "1"]

1. d4 Nf6 2. c4 e6 3. Nc3 Bb4 4. e3 c5 5. Bd3 Nc6 6. a3 Bxc3+ 7. bxc3 d6 8. Ne2 0-0 9. e4 e5 10. d5 Ne7 11. f3 Ng6 12. g4 Nxg4 13. fxg4 Bxg4 14. 0-0 1-0

[Event "IECG CB.2005.0.00145 email"]
[Site "IECG email"]
[Date "2005.10.09"]
[Round "?"]
[White "Rizzo, Giovambattista"]
[Black "Dzwonkowski, Adam"]
[Result "1-0"]
[WhiteElo "1965"]
[BlackElo "1935"]
[PlyCount "75"]
[EventDate "2005.10.09"]
[EventType "tourn (corr)"]
[EventRounds "6"]
[SourceTitle "Corr 2008"]
[Source "ChessBase"]
[SourceDate "2008.06.24"]
[SourceVersion "1"]
[SourceVersionDate "2008.06.24"]
[SourceQuality "1"]

1. d4 d5 2. c4 c6 3. Nc3 e6 4. Nf3 Nf6 5. e3 Nbd7 6. Bd3 dxc4 7. Bxc4 b5 8. Bd3 a6 9. e4 c5 10. e5 cxd4 11. Nxb5 axb5 12. exf6 Qb6 13. fxg7 Bxg7 14. 0-0 0-0 15. Re1 Nc5 16. Bxh7+ Kxh7 17. Ng5+ Kg6 18. Qg4 f5 19. Qg3 Kf6 20. Bf4 Rg8 21. Rac1 Bh6 22. h4 Ke7 23. Qf3 Bxg5 24. Bxg5+ Rxg5 25. hxg5 Ne4 26. Rxe4 fxe4 27. Qf6+ Kd6 28. Qf8+ Kd7 29. g6 Bb7 30. g7 d3 31. g8Q Rxf8 32. Qxf8 Bd5 33. Qf7+ Kd6 34. Qf4+ Kd7 35. a3 Qd8 36. g4 Qb6 37. g5 b4 38. axb4 1-0

[Event "IECG CB.2005.0.00145 email"]
[Site "IECG email"]
[Date "2005.10.09"]
[Round "?"]
[White "Rizzo, Giovambattista"]
[Black "Konstantinov, Maxim"]
[Result "1/2-1/2"]
[WhiteElo "1965"]
[BlackElo "1898"]
[PlyCount "71"]
[EventDate "2005.10.09"]
[EventType "tourn (corr)"]
[EventRounds "6"]
[SourceTitle "Corr 2008"]
[Source "ChessBase"]
[SourceDate "2008.06.24"]
[SourceVersion "1"]
[SourceVersionDate "2008.06.24"]
[SourceQuality "1"]

1. d4 Nf6 2. c4 e6 3. Nc3 Bb4 4. e3 b6 5. Nge2 Ba6 6. Ng3 c5 7. d5 exd5 8. cxd5 Bxf1 9. Kxf1 0-0 10. e4 d6 11. Bd2 Nbd7 12. a3 Ba5 13. Rb1 c4 14. Bf4 Nc5 15. Qd4 Qd7 16. Qxc4 Bxc3 17. bxc3 Qg4 18. Bxd6 Ncxe4 19. Nxe4 Nxe4 20. Qd4 Rfe8 21. Bc7 Qd7 22. d6 Re6 23. Rd1 Rae8 24. f3 Nc5 25. h4 Na6 26. h5 Nxc7 27. dxc7 Qxc7 28. Rh4 f5 29. h6 g6 30. Qc4 Qf7 31. Rhd4 Re3 32. Kf2 g5 33. Rd5 R3e7 34. R1d4 Kh8 35. Rd8 Kg8 36. Rxe8+ 1/2-1/2

[Event "IECC CL2-2004.28 email"]
[Site "IECC email"]
[Date "2004.09.09"]
[Round "?"]
[White "Rizzo, Giovambattista"]
[Black "Futida, Souitiro"]
[Result "0-1"]
[WhiteElo "2109"]
[BlackElo "2112"]
[PlyCount "28"]
[EventDate "2004.??.??"]
[EventType "tourn (corr)"]
[EventRounds "4"]
[SourceTitle "Corr 2008"]
[Source "ChessBase"]
[SourceDate "2008.06.24"]
[SourceVersion "1"]
[SourceVersionDate "2008.06.24"]
[SourceQuality "1"]

1. d4 Nf6 2. c4 d6 3. Nc3 g6 4. e4 Bg7 5. Nf3 0-0 6. h3 e5 7. d5 Na6 8. Bg5 Qe8 9. g4 Nd7 10. Rg1 Kh8 11. Be2 Ndc5 12. Nh4 Bd7 13. Qd2 Nb4 14. 0-0-0 Nxa2+ 0-1

[Event "IECG CP.2000.Q.00008"]
[Site "IECG email"]
[Date "2001.10.01"]
[Round "?"]
[White "Rizzo, Giovambattista"]
[Black "Schmitzer, Klaus"]
[Result "1/2-1/2"]
[WhiteElo "1960"]
[BlackElo "2383"]
[PlyCount "52"]
[EventDate "2001.10.01"]
[EventType "tourn (corr)"]
[EventRounds "6"]
[SourceTitle "Corr 2008"]
[Source "ChessBase"]
[SourceDate "2008.06.24"]
[SourceVersion "1"]
[SourceVersionDate "2008.06.24"]
[SourceQuality "1"]

1. d4 Nf6 2. c4 c5 3. d5 e6 4. Nc3 exd5 5. cxd5 d6 6. Nf3 g6 7. e4 a6 8. a4 Bg4 9. Be2 Bxf3 10. Bxf3 Bg7 11. 0-0 0-0 12. Bf4 Qe7 13. Re1 Nbd7 14. a5 Ne5 15. Be2 Rfe8 16. Qd2 Qc7 17. Bg3 h6 18. Ra4 g5 19. b3 Ng6 20. Bd1 Rab8 21. Nb1 Re7 22. Na3 Rbe8 23. Bc2 Nh5 24. Nc4 Nxg3 25. hxg3 Bd4 26. Ne3 Bxe3 1/2-1/2

[Event "IECG CP.2000.P.00115"]
[Site "IECG email"]
[Date "2000.10.01"]
[Round "?"]
[White "Rizzo, Giovambattista"]
[Black "Bertel, Michael"]
[Result "1/2-1/2"]
[WhiteElo "1880"]
[BlackElo "1578"]
[PlyCount "43"]
[EventDate "2000.10.01"]
[EventType "tourn (corr)"]
[EventRounds "6"]
[EventCountry "ITA"]
[SourceTitle "Corr 2008"]
[Source "ChessBase"]
[SourceDate "2008.06.24"]
[SourceVersion "1"]
[SourceVersionDate "2008.06.24"]
[SourceQuality "1"]

1. d4 Nf6 2. c4 c5 3. d5 b5 4. a4 bxc4 5. Nc3 e6 6. e4 d6 7. Bxc4 Ba6 8. Bb5+ Bxb5 9. axb5 exd5 10. exd5 Nbd7 11. Nf3 Nb6 12. 0-0 Be7 13. b3 0-0 14. Qd3 Qd7 15. Bb2 Nh5 16. Ne2 Bf6 17. Bxf6 Nxf6 18. Nc3 Rfe8 19. Nd2 Qb7 20. Nc4 Nxc4 21. bxc4 a6 22. Rfe1 1/2-1/2

[Event "IECG C1.2000.0.00309"]
[Site "IECG email"]
[Date "2000.10.01"]
[Round "?"]
[White "Rizzo, Giovambattista"]
[Black "Borst, John C"]
[Result "1/2-1/2"]
[WhiteElo "2170"]
[BlackElo "2001"]
[PlyCount "55"]
[EventDate "2000.10.01"]
[EventType "tourn (corr)"]
[EventRounds "6"]
[SourceTitle "Corr 2008"]
[Source "ChessBase"]
[SourceDate "2008.06.24"]
[SourceVersion "1"]
[SourceVersionDate "2008.06.24"]
[SourceQuality "1"]

1. d4 Nf6 2. c4 e6 3. Nc3 Bb4 4. e3 0-0 5. Bd3 d5 6. a3 Bxc3+ 7. bxc3 dxc4 8. Bxc4 c5 9. Ne2 Qc7 10. Bd3 e5 11. 0-0 Nc6 12. Bb2 Rd8 13. Qb1 g6 14. f4 exd4 15. cxd4 Qe7 16. e4 cxd4 17. h3 Be6 18. Qe1 Bf5 19. Ng3 Bc8 20. Qf2 Nd7 21. e5 Nc5 22. Rfd1 Qh4 23. Rac1 Nxd3 24. Rxd3 Be6 25. Ne4 Qxf2+ 26. Kxf2 Bf5 27. Kf3 g5 28. Rcd1 1/2-1/2

[Event "IECG C1.2000.0.00309"]
[Site "IECG email"]
[Date "2000.10.01"]
[Round "?"]
[White "Rizzo, Giovambattista"]
[Black "Rosner, Dirk"]
[Result "1/2-1/2"]
[WhiteElo "2170"]
[BlackElo "2184"]
[PlyCount "40"]
[EventDate "2000.10.01"]
[EventType "tourn (corr)"]
[EventRounds "6"]
[SourceTitle "Corr 2008"]
[Source "ChessBase"]
[SourceDate "2008.06.24"]
[SourceVersion "1"]
[SourceVersionDate "2008.06.24"]
[SourceQuality "1"]

1. d4 Nf6 2. c4 e6 3. Nc3 Bb4 4. e3 c5 5. Nge2 cxd4 6. exd4 d5 7. c5 Ne4 8. Bd2 Nxd2 9. Qxd2 0-0 10. a3 Bxc3 11. Nxc3 Nc6 12. Bb5 a6 13. Bxc6 bxc6 14. 0-0 Re8 15. Rfe1 Qc7 16. b4 f6 17. f4 Bd7 18. Na4 Re7 19. Nb6 Rae8 20. g3 e5 1/2-1/2

[Event "IECG C1.2000.0.00309"]
[Site "IECG email"]
[Date "2000.10.01"]
[Round "?"]
[White "Sukhov, Nick"]
[Black "Rizzo, Giovambattista"]
[Result "1/2-1/2"]
[WhiteElo "2100"]
[BlackElo "2170"]
[PlyCount "119"]
[EventDate "2000.10.01"]
[EventType "tourn (corr)"]
[EventRounds "6"]
[SourceTitle "Corr 2008"]
[Source "ChessBase"]
[SourceDate "2008.06.24"]
[SourceVersion "1"]
[SourceVersionDate "2008.06.24"]
[SourceQuality "1"]

1. e4 c5 2. Nf3 d6 3. d4 cxd4 4. Nxd4 Nf6 5. Nc3 g6 6. Be3 Bg7 7. f3 Nc6 8. Qd2 Bd7 9. Bc4 0-0 10. h4 Qa5 11. Bb3 Ne5 12. 0-0-0 Rfc8 13. Kb1 b5 14. Ncxb5 Qxd2 15. Bxd2 Nc4 16. Nc3 Nxd2+ 17. Rxd2 h5 18. Rhd1 a5 19. Nd5 Nxd5 20. Bxd5 Rab8 21. a3 Be5 22. Rd3 Ba4 23. Rc1 e6 24. Bb3 Bb5 25. Nxb5 Rxb5 26. a4 Rb6 27. Rf1 Bg3 28. f4 Bxh4 29. f5 exf5 30. exf5 Kg7 31. fxg6 fxg6 32. Rf7+ Kh6 33. Rd7 Rcc6 34. Rd5 Ra6 35. Rb5 Rc8 36. Bd5 Rd8 37. Rxd8 Bxd8 38. Rb8 Bf6 39. Ka2 Ra7 40. b4 axb4 41. Rxb4 Ra5 42. c4 Bd4 43. Kb3 Ra7 44. Rb5 g5 45. a5 Re7 46. Ka4 g4 47. Bb7 Re2 48. Rd5 Bc5 49. Rxc5 dxc5 50. a6 h4 51. Kb5 Ra2 52. Kb6 Rb2+ 53. Kxc5 Ra2 54. Kb6 Rb2+ 55. Kc7 h3 56. gxh3 gxh3 57. a7 Rxb7+ 58. Kxb7 h2 59. a8Q h1Q+ 60. Kb8 1/2-1/2